Pomoc malým firmám v Nizozemsku.

Opatrenia holandskej vlády smerujúcej k uľahčeniu prístupu drobných podnikateľov k informáciám. Malé firmy tvoria viac ako 90 percent a stredne veľké asi 8 percent z celkového počtu evidovaných firiem. Dôležitým predpokladom ich rozvoja sú podnikateľské aktivity založené na dlhodobejšej stratégii. V...

Descripción completa

Guardado en:
Detalles Bibliográficos
Autor principal: Drtina, T.
Formato: Capítulo de libro
Lenguaje:checo
Materias:
Etiquetas: Agregar Etiqueta
Sin Etiquetas, Sea el primero en etiquetar este registro!

MARC

LEADER 00000naa a2200000 4500
001 r002828
005 20221125080201.8
041 0 |a cze 
044 |a [CS] 
245 1 0 |a Pomoc malým firmám v Nizozemsku.  |c T. Drtina 
520 |a Opatrenia holandskej vlády smerujúcej k uľahčeniu prístupu drobných podnikateľov k informáciám. Malé firmy tvoria viac ako 90 percent a stredne veľké asi 8 percent z celkového počtu evidovaných firiem. Dôležitým predpokladom ich rozvoja sú podnikateľské aktivity založené na dlhodobejšej stratégii. Vláda ponúka malým firmám siete poradenských a informačných služieb a finančné podpory pre využívanie týchto služieb. 
610 2 0 |a podnik malý 
610 2 0 |a Holandsko 
610 2 0 |a marketing 
610 2 0 |a dotácie 
610 2 0 |a informácie 
610 2 0 |a poradenstvo 
100 1 |a Drtina, T.